Coopération entre juges nationaux et Cour de justice de l'UE : (Record no. 6286)
[ view plain ]
| 000 -LEADER | |
|---|---|
| fixed length control field | 01289cam a2200361Mi 4500 |
| 001 - CONTROL NUMBER | |
| control field | ocn846249069 |
| 003 - CONTROL NUMBER IDENTIFIER | |
| control field | TZ-ArACH |
| 005 - DATE AND TIME OF LATEST TRANSACTION | |
| control field | 20230608145910.0 |
| 008 - FIXED-LENGTH DATA ELEMENTS--GENERAL INFORMATION | |
| fixed length control field | 130529s2013 be 000 0 fre d |
| 020 ## - INTERNATIONAL STANDARD BOOK NUMBER | |
| International Standard Book Number | 9782802740872 |
| 020 ## - INTERNATIONAL STANDARD BOOK NUMBER | |
| International Standard Book Number | 2802740873 |
| 035 ## - SYSTEM CONTROL NUMBER | |
| System control number | (OCoLC)846249069 |
| 040 ## - CATALOGING SOURCE | |
| Original cataloging agency | TZT |
| Language of cataloging | eng |
| Transcribing agency | TZ-ArACH |
| 043 ## - GEOGRAPHIC AREA CODE | |
| Geographic area code | e------ |
| 049 ## - LOCAL HOLDINGS (OCLC) | |
| Holding library | TZAA |
| 050 #4 - LIBRARY OF CONGRESS CALL NUMBER | |
| Classification number | KJE3802 |
| Item number | .C66 2013 |
| 100 1# - MAIN ENTRY--PERSONAL NAME | |
| Personal name | Pertek, Jacques. |
| 245 10 - TITLE STATEMENT | |
| Title | Coopération entre juges nationaux et Cour de justice de l'UE : |
| Remainder of title | le renvoi préjudiciel / |
| Statement of responsibility, etc | Jacques Pertek. |
| 260 ## - PUBLICATION, DISTRIBUTION, ETC. (IMPRINT) | |
| Place of publication, distribution, etc | Bruxelles : |
| Name of publisher, distributor, etc | Bruylant, |
| Date of publication, distribution, etc | 2013. |
| 300 ## - PHYSICAL DESCRIPTION | |
| Extent | 357 pages ; |
| Dimensions | 24 cm |
| 490 1# - SERIES STATEMENT | |
| Series statement | Droit de l'Union Européenne . Monographies ; |
| Volume number/sequential designation | 3 |
| 610 20 - SUBJECT ADDED ENTRY--CORPORATE NAME | |
| Corporate name or jurisdiction name as entry element | Court of Justice of the European Union. |
| 610 27 - SUBJECT ADDED ENTRY--CORPORATE NAME | |
| Corporate name or jurisdiction name as entry element | Court of Justice of the European Union. |
| Source of heading or term | fast |
| 650 #0 - SUBJECT ADDED ENTRY--TOPICAL TERM | |
| Topical term or geographic name as entry element | Prejudicial actions |
| Geographic subdivision | European Union countries. |
| 650 #0 - SUBJECT ADDED ENTRY--TOPICAL TERM | |
| Topical term or geographic name as entry element | Civil procedure |
| Geographic subdivision | European Union countries. |
| 650 #7 - SUBJECT ADDED ENTRY--TOPICAL TERM | |
| Topical term or geographic name as entry element | Civil procedure. |
| Source of heading or term | fast |
| 650 #7 - SUBJECT ADDED ENTRY--TOPICAL TERM | |
| Topical term or geographic name as entry element | Prejudicial actions. |
| Source of heading or term | fast |
| 650 #7 - SUBJECT ADDED ENTRY--TOPICAL TERM | |
| Topical term or geographic name as entry element | Vorabentscheidungsverfahren |
| Source of heading or term | gnd |
| 651 #7 - SUBJECT ADDED ENTRY--GEOGRAPHIC NAME | |
| Geographic name | European Union countries. |
| Source of heading or term | fast |
| 653 ## - INDEX TERM--UNCONTROLLED | |
| Uncontrolled term | Civil procedure |
| -- | Prejudicial actions |
| -- | European Union countries |
| 830 #0 - SERIES ADDED ENTRY--UNIFORM TITLE | |
| Uniform title | Collection Droit de l'Union européenne. |
| Name of part/section of a work | Monographies ; |
| Volume number/sequential designation | 3. |
| 942 ## - ADDED ENTRY ELEMENTS (KOHA) | |
| Source of classification or shelving scheme | Library of Congress Classification |
| Koha item type | Books |
| Home library | Current library | Date acquired | Full call number | Barcode |
|---|---|---|---|---|
| African Court on Human and Peoples' Rights Library | African Court on Human and Peoples' Rights Library | 24/05/2023 | KJE3802 .C66 2013 | 1019116X |
